Cronistas de las culturas precolombinas /

Đã lưu trong:
Chi tiết về thư mục
Tác giả chính: Nicolau D'Olwer, Luis (antología)
Định dạng: Sách
Ngôn ngữ:Tiếng Tây Ban Nha
Được phát hành: México : Fondo de Cultura Económica, 1963, c1963
Các nhãn: Thêm thẻ
Không có thẻ, Là người đầu tiên thẻ bản ghi này!

MARC

LEADER 00000nam^a2200000^a^4500
001 000424856
005 20250526000000.0
009 20260310122702.42
037 |a Acervo ITESO - Biblioteca 
041 |a ESP 
091 |a FHM. 02059 
100 |a Nicolau D'Olwer, Luis  |e (antología) 
245 1 0 |a Cronistas de las culturas precolombinas / 
264 4 |a México :  |b Fondo de Cultura Económica,  |c 1963, c1963 
300 |a XVI, 756 p. ;  |c 21.0 cm. 
336 |a texto  |b txt  |2 rdacontenido 
337 |a sin mediación  |b n  |2 rdamedio 
338 |a volumen  |b nc  |2 rdasoporte 
649 |a XX 
910 |a Fondo Hugo B. Margáin 
920 |a Impresos - Libros 
930 |a Libros Antiguos y Raros 
905 |a 126 
901 |a 0500305953  |b IT2  |c LRA  |i D111043  |u 20250526 
902 |a https://opac.biblio.iteso.mx/vufind/Record/000424856